000 01590nam a2200409 i 4500
001 000013651
003 DO-SdBNP
005 20240925085245.0
007 ta
008 091127s1984 dr a 000 0 spa d
020 _z84000583
040 _aDO-SdBNP
_bspa
_cBNPHU
_erda
082 4 _a972.9302
_bM671t 1984
_222
100 1 _aMir, Pedro,
_d1913-2000
_97245
245 1 0 _aTres leyendas de colores :
_bensayo de interpretación de las tres primeras revoluciones del nuevo mundo /
_cPedro Mir ; prólogo Rafael Altamira.
250 _a3a. ed.
264 _aSanto Domingo :
_bTaller
_c1984
300 _a244 paginas :
_bilustrados ;
_c24 cm.
336 _2rdacontent
_atexto
_btxt
337 _2rdamedia
_asin mediación
_bn
338 _2rdacarrier
_avolumen
_bnc
490 1 _aBiblioteca Taller
500 _aIncluye referencias bibliográficas y notas al pie de las páginas
504 _aBibliografía : p. 241-244
590 _aInventariado, 2021 / DG
600 1 4 _aRoldan, Francisco,
_d1464-1502
_xLeyendas
_931072
600 1 4 _aEnriquillo
_d-1535
_xLeyendas
_931073
600 1 4 _aRoldan, Francisco,
_d1464-1502
_xLeyendas
_931072
600 1 4 _aEnriquillo
_d-1535
_xLeyendas
_931073
650 4 _aNegros
_zRepública Dominicana
_92558
651 0 _aRepública Dominicana --
_xHistoria --
_yDescubrimiento y conquista, 1492-1503
_9255
651 4 _aHaití
_xHistoria
_y1791
_99644
651 0 _aRepública Dominicana --
_xHistoria --
_yColonia, 1503-1844
_911397
700 1 _aAltamira, Rafael,
_epról.
_931074
910 _aValidado. Control de calidad MFF
942 _2ddc
_cLBS1
999 _c13265
_d13265